000 00350nam a2200133Ia 4500
008 220217s9999||||xx |||||||||||||| ||und||
020 _a9788126532681
082 _a640 PUS
100 _aPushpalatha, K
_910098
245 0 _aEngineering chemistry
260 _aWiley india
_bNew Delhi
_c2012
300 _aXIV, 343p.
_b539
650 _aCHEMISTRY
999 _c188274
_d188274